Analýza dopytu po outdoorových aktivitách vo vybranom územnom celku diplomová práca

Salvato in:
Dettagli Bibliografici
Autore principale: Mačaiová, Zdenka
Ente Autore: Obchodná fakulta EU. Katedra služieb a cestovného ruchu - zrušené
Altri autori: Fodranová, Iveta, 1959-
Natura: Libro
Lingua:slovacco
Pubblicazione: Bratislava 2016
Tags: Aggiungi Tag
Nessun Tag, puoi essere il primo ad aggiungerne!!

MARC

LEADER 00000nbm a2200000 4500
001 0216597
005 20170126134548.5
041 0 |a slo 
044 |a SK 
245 1 0 |a Analýza dopytu po outdoorových aktivitách vo vybranom územnom celku  |b diplomová práca  |c Zdenka Mačaiová ; školiteľ: Iveta Fodranová 
264 1 |a Bratislava  |c 2016 
300 |a 68 s. 
100 1 |a Mačaiová, Zdenka 
700 1 |a Fodranová, Iveta, 1959- 
710 2 |a Obchodná fakulta EU. Katedra služieb a cestovného ruchu - zrušené